| 000 | 00659nam a2200193Ia 4500 | ||
|---|---|---|---|
| 008 | 151121s9999||||xx |||||||||||||| ||und|| | ||
| 082 | _a838/ कर्द म | ||
| 082 | _bHNW-70593 | ||
| 100 | _aकर्दम जयप्रकाश | ||
| 245 | _aबौध्द दार्शनिक | ||
| 260 | _b"संगीता प्रकाशन, दिल्ली।" | ||
| 260 | _c-- | ||
| 300 | _a47 | ||
| 600 | _aकर्दम जयप्रकाश | ||
| 630 | _aबौध्द दार्शनिक | ||
| 700 | _aकर्दम जयप्रकाश | ||
| 730 | _aबौध्द दार्शनिक | ||
| 942 | _cBOOK | ||
| 999 |
_c1252067 _d1252064 |
||